La Fiesta del Árbol
Descripción Física:
79 p. : il., [2] f. pleg. ; 21 cm
Colección:
Biblioteca Costa
Materias:
Festa de l'arbre
MARC
| LEADER | 00000nam a2200000Ia 4500 | ||
|---|---|---|---|
| 001 | 11022 | ||
| 008 | 160829s1925 xx 000 0 cat d | ||
| 080 | |a M-3-376 | ||
| 245 | |a La Fiesta del Árbol | ||
| 260 | |a Huesca : |b (Imp. 'Ed. V. Campo'), |c 1925 | ||
| 300 | |a 79 p. : |b il., [2] f. pleg. ; |c 21 cm | ||
| 490 | |a Biblioteca Costa | ||
| 650 | |a Festa de l'arbre |9 40267 | ||
| 901 | |a Arxiu | ||
| 942 | |n 1 | ||
| 952 | |0 0 |1 0 |4 0 |6 M3376 |7 1 |9 42056 |a Arxiu |b Arxiu |d 2016-12-01 |l 0 |o M-3-376 |p 11022 |r 2016-12-01 00:00:00 |w 2016-12-01 |y ARXIU | ||
| 999 | |c 44503 |d 44503 | ||